[Event "Nevinnomyssk Rating 5th"]
[Site "Nevinnomyssk"]
[Date "2010.09.??"]
[Round "3"]
[White "Boulgakov, Timur"]
[Black "Karpsatov, Ksenofont"]
[Result "0-1"]
[WhiteElo "2023"]
[BlackElo "2123"]
[PlyCount "116"]
[EventDate "2010.09.29"]
[EventType "swiss"]
[EventRounds "9"]
[EventCountry "RUS"]
[SourceTitle "EXT 2013"]
[Source "ChessBase"]
[SourceDate "2012.11.22"]
[SourceVersion "1"]
[SourceVersionDate "2012.11.22"]
[SourceQuality "1"]

1. Nf3 Nf6 2. b3 g6 3. Bb2 Bg7 4. e3 0-0 5. d4 b6 6. Be2 Bb7 7. 0-0 a5 8. a3 Nc6 9. c4 d6 10. Nc3 Nb8 11. d5 Nbd7 12. Qc2 e5 13. e4 Nh5 14. g3 Bc8 15. Nh4 Bf6 16. Bxh5 Bxh4 17. Bg4 Bg5 18. Bc1 Bxc1 19. Raxc1 Qg5 20. Bxd7 Bxd7 21. f3 f5 22. exf5 gxf5 23. f4 Qg6 24. Nb5 Rac8 25. Rce1 e4 26. Nd4 h5 27. Qg2 Kf7 28. b4 axb4 29. axb4 Rg8 30. Nc6 h4 31. Re3 Ra8 32. Qb2 Ra4 33. c5 Qf6 34. Qxf6+ Kxf6 35. cxb6 cxb6 36. Rb1 Rc8 37. b5 Ra2 38. gxh4 Rd2 39. Kh1 Rxd5 40. Rg3 Bxc6 41. bxc6 Rxc6 42. Rbg1 Rd2 43. Rg7 Ke6 44. h5 Rcc2 45. R7g6+ Kd5 46. R1g2 Rxg2 47. Rxg2 Rc1+ 48. Rg1 Rxg1+ 49. Kxg1 Ke6 50. Kf2 Kf6 51. Ke3 Kg7 52. Kd4 Kh6 53. Kd5 e3 54. Kxd6 e2 55. Ke5 e1Q+ 56. Kxf5 Kxh5 57. Kf6 b5 58. f5 b4 0-1